The Hollow Queen /

"Acclaimed author Elizabeth Haydon returns with a heartbreaking tale of love and valor in The Hollow Queen, the eighth installment of her USA Today bestselling Symphony of Ages series that began with Rhapsody. Beset on all sides by the forces of the merchant emperor Talquist, the Cymrian Allian...

Full description

Bibliographic Details
Main Author: Haydon, Elizabeth
Format: Book
Language:English
Published: New York : Tor, 2015.
Edition:First edition.
Series:Haydon, Elizabeth. Symphony of ages ; bk. 8.
Subjects:
Online Access:Cover image

MARC

Tag First Indicator Second Indicator Subfields
LEADER 00000cam a2200000 i 4500
001 in00005779939
005 20260428182857.8
008 150403s2015 nyu 000 1 eng
010 |a  2015012561 
040 |a DLC  |b eng  |e rda  |c DLC  |d IG#  |d IK2  |d GO6  |d VP@  |d YDXCP  |d CDX  |d BTCTA  |d BDX  |d OCLCF  |d COO  |d CHVBK  |d UBY  |d OCLCO  |d IGP  |d OCLCO  |d SHM  |d NZPPC  |d OCLCO  |d OCL  |d OCLCQ  |d KPLCP  |d IV2  |d BYV  |d OCLCO  |d OCLCA  |d OCL  |d OCLCO  |d OCLCL  |d OCLCQ  |d OCLCA  |d OCLCL  |d YU6  |d OCLCO 
019 |a 890435482  |a 908284826  |a 1302447218 
020 |a 9780765305671  |q (cloth) 
020 |a 0765305674  |q (cloth) 
020 |z 9781429942973  |q (ebook) 
035 |a (OCoLC)906447671  |z (OCoLC)890435482  |z (OCoLC)908284826  |z (OCoLC)1302447218 
042 |a pcc 
050 0 0 |a PS3558.A82896  |b H65 2015 
082 0 0 |a 813/.54  |2 23  |1 https://id.oclc.org/worldcat/ddc/E3BpYCcY96rbttBDyJW94FJBKr 
084 |a FIC009020  |2 bisacsh 
100 1 |a Haydon, Elizabeth.  |1 https://id.oclc.org/worldcat/entity/E39PBJcwxHxcMwFJWcr9Jx4Xh3 
245 1 4 |a The Hollow Queen /  |c Elizabeth Haydon. 
250 |a First edition. 
264 1 |a New York :  |b Tor,  |c 2015. 
300 |a 415 pages ;  |c 25 cm. 
336 |a text  |b txt  |2 rdacontent 
337 |a unmediated  |b n  |2 rdamedia 
338 |a volume  |b nc  |2 rdacarrier 
490 1 |a Symphony of ages ;  |v book 8 
500 |a "A Tom Doherty Associates book." 
520 |a "Acclaimed author Elizabeth Haydon returns with a heartbreaking tale of love and valor in The Hollow Queen, the eighth installment of her USA Today bestselling Symphony of Ages series that began with Rhapsody. Beset on all sides by the forces of the merchant emperor Talquist, the Cymrian Alliance finds itself in desperate straits. Rhapsody herself has joined the battle, wielding the Daystar Clarion, leaving her True Name in hiding with her infant son. Ashe tries to enlist the aid of the Sea Mages. Within their Citadel of Scholarship lies the White Ivory tower, a spire that could hold the key to unraveling the full extent of Talquist's machinations. Achmed journeys to the reportedly unassailable palace of Jierna Tal, to kill emperor Talquist--all the while knowing that even if he succeeds, it may not be enough to stop the momentum of the war. As they struggle to untangle the web of Talquist's treachery, the leaders of the Cymrian alliance are met with obstacles at every turn. Rhapsody soon realizes that the end of this war will come at an unimaginable price: the lives of those she holds dearest."--  |c Provided by publisher. 
650 0 |a Rhapsody (Fictitious character : Haydon)  |v Fiction. 
650 0 |a Grunthor (Fictitious character : Haydon)  |v Fiction. 
600 0 0 |a Achmed  |c (Fictitious character from Haydon)  |v Fiction. 
650 0 |a Imaginary wars and battles  |v Fiction. 
650 1 |a Dragons  |v Fiction. 
650 1 |a War  |v Fiction. 
650 1 |a Magic  |v Fiction. 
650 6 |a Guerres et batailles imaginaires  |v Romans, nouvelles, etc. 
650 7 |a FICTION  |x Fantasy  |x Epic.  |2 bisacsh 
600 0 7 |a Achmed  |c (Fictitious character from Haydon)  |2 fast 
650 7 |a Grunthor (Fictitious character : Haydon)  |2 fast 
650 7 |a Imaginary wars and battles  |2 fast 
650 7 |a Rhapsody (Fictitious character : Haydon)  |2 fast 
650 7 |a Fantastischer Roman  |2 gnd 
650 7 |a Amerikanisches Englisch  |2 gnd 
655 0 |a Fantasy fiction. 
655 4 |a Fantasy fiction. 
655 7 |a Fantasy fiction  |2 fast 
655 7 |a Fiction  |2 fast 
655 7 |a Fantasy fiction.  |2 gsafd 
655 7 |a Fantasy fiction.  |2 lcgft 
800 1 |a Haydon, Elizabeth.  |t Symphony of ages ;  |v bk. 8. 
856 4 2 |3 Cover image  |u http://www.netread.com/jcusers2/bk1388/671/9780765305671/image/lgcover.9780765305671.jpg  |t 0 
938 |a Ingram Library Services  |b INGR  |n in019666427 
938 |a Brodart  |b BROD  |n 110743059 
938 |a Baker and Taylor  |b BTCP  |n BK0015643911 
938 |a Coutts Information Services  |b COUT  |n 29782563 
938 |a Ingram  |b INGR  |n 9780765305671 
938 |a YBP Library Services  |b YANK  |n 12069452 
029 1 |a AU@  |b 000054512746 
029 1 |a CHBIS  |b 010432763 
029 1 |a CHVBK  |b 336293798 
029 1 |a NZ1  |b 16002197 
994 |a Z0  |b TXA 
948 |h HELD BY TXA - 271 OTHER HOLDINGS 
999 f f |i ef8bfd23-8272-4831-9b08-10e544f12f02  |s 2fde8911-34e3-4ec4-9c69-2d4be15f66c3  |t 0 
952 f f |p noncirc  |a Texas A&M University  |b College Station  |c Cushing Memorial Library & Archives  |s cush scif  |d Cushing: Science Fiction (Does not check out)  |t 0  |e PS3558.A82896 H65 2015  |h Library of Congress classification  |i unmediated -- volume  |m A1485343595E 
998 f f |a PS3558.A82896 H65 2015  |t 0  |l Cushing: Science Fiction (Does not check out)